000 00340nam a22001217a 4500
999 _c3361
_d3361
005 20201130101608.0
008 201130b ||||| |||| 00| 0 eng d
020 _a0225666340
040 _cCML
245 _aStarting Points.
_cRussi J.
260 _aLondon
_bGeoffrey Chapman
_c1991
942 _2ddc
_cBK
_e1st Edition
_h248
_mRUS